Estadísticas para Banderas de países con reconocimiento limitado

Haz click aquí para tomar la prueba!

Estadísticas generales

  • Esta prueba ha sido tomada 71 veces
  • La puntuación promedio es 8 de 16

Estadísticas de respuestas

Respuesta% Correcto
China
92%
Corea del Sur
85%
Chipre
83%
Israel
78%
Taiwán
69%
Armenia
63%
Kosovo
63%
Corea del Norte
63%
Palestina
44%
Chipre del Norte
36%
Abjasia
29%
Somalilandia
22%
Osetia del Sur
22%
Transnistria
19%
República Árabe Saharaui Democrática
17%
República de Artsaj
12%

Distribución de puntuación

Porcentaje por número respondido

Porcentaje de gente con cada puntuación

Historial de tus puntuaciones

No has tomado esta prueba